02596nam a2200337 a 450000100100000000500170001000800410002702000150006804000250008308200210010810000420012924502750017126000500044630000260049649000360052250002190055850400540077750507930083165000770162465000750170165000720177665000650184865000720191365000670198570000480205270000300210070000310213070000220216174000390218383000360222200000933220241030141145.0090929s2006 dr 000 0 spa d a9945422057 aDO-SdBNPbspacBNPHU a580.97293bD841n1 aDucoudray, Félix Servio,d1924-198913aLa naturaleza dominicana :bartículos publicados en el suplente sabatino del periódico El Caribe(1978-1978) /cFélix Servio Ducoudray ; editores Arístides Incháustegui, Blanca Delgado Malagón ; presentación José A. León ; introducción María Ugarte. aSanto Domingo :bGrupo León Jimenes,c2006. a6 v. :bil. ;c28 cm.1 aCentenario Grupo León Jimenes aIncluye índices: Onomástico -- Topográfico -- Nombres científicos botánicos -- Nombres comunes botánicos -- Nombres científicos zoológicos -- Nombres comunes zoológicos -- Términos geológicos. aIncluye referencias bibliográficas (p. 341-346)0 av.1 Región Norte -- v.2 Región Sur -- v.3 Región Este -- v.4 Flora, fauna -- v.5 -- Dunas, formaciones geológicas, orografía, volcanes -- v.6 Ámbar, varios, anexos.-- ANEXOS 1. Félix Servio Ducoudray : luchador nacionalista y cronista de la naturaleza -- 2. Protagonistas de las excursiones de ciencia (1978-1989), Eugrenio de Jesús Marcano Fondeur, Julio Cicero McKinne, Abraham José Abud Antún, José Alberto Ottenwalder, Sixto Joaquín Incháustegui Miranda, Idelisa Bonnelly de Calventi, Iván Tavares Castellanos, Luis Florencio de Armas Chaviano -- 3. Breve reseña de la primera exposición aracnológica cubano-dominicana en la República Dominicana, por Luis Florencio de Armas Chaviano -- 4. La realidad dominicana vista por Félix Servio Ducoudray. 4aFlora de tierras humedaszRepública DominicanaxArtículos de diarios 4aEcología montañosazRepública DominicanaxArtículos de diarios 4aFlora de agua dulcezRepública DominicanaxArtículos de diarios 4aFauna alpinazRepública DominicanaxArtículos de diarios 4aFauna de agua dulcezRepública DominicanaxArtículos de diarios 4aFauna tropicalzRepública DominicanaxArtículos de diarios12aIncháustegui Cabral, Héctor,d1912-197912aDelgado Malagón, Blanca12aUgarte, Maríad1914-201112aLeón, José A.3 aEl Caribe (República Dominicana) 0aCentenario Grupo León Jimenes